Manažment kategórií v podnikových procesoch potravinového reťazca

Vývoj a definovanie manžmentu kategórií (category management). Postupnosť CM. Priradenie rolí kategóriám. Rozhodovací strom zákazníka. Porovnanie predaja pred a po aplikácii CM.

Salvato in:
Dettagli Bibliografici
Autore principale: Mihalčová, Bohuslava, 1963-
Altri autori: Pružinský, Michal, 1952-, Mizla, Martin, 1955-
Natura: Capitolo di libro
Lingua:slovacco
Soggetti:
Tags: Aggiungi Tag
Nessun Tag, puoi essere il primo ad aggiungerne!!

MARC

LEADER 00000naa a2200000 4500
001 0252307
005 20240502074038.5
041 0 |a slo 
044 |a SK 
245 1 0 |a Manažment kategórií v podnikových procesoch potravinového reťazca  |c Bohuslava Mihalčová, Michal Pružinský, Martin Mizla 
520 |a Vývoj a definovanie manžmentu kategórií (category management). Postupnosť CM. Priradenie rolí kategóriám. Rozhodovací strom zákazníka. Porovnanie predaja pred a po aplikácii CM. 
610 2 0 |a procesy podnikové 
610 2 0 |a manažment sortimentný 
610 2 0 |a správanie spotrebiteľa 
610 2 0 |a reťazce obchodné 
610 2 0 |a potraviny 
100 1 |a Mihalčová, Bohuslava, 1963- 
700 1 |a Pružinský, Michal, 1952- 
700 1 |a Mizla, Martin, 1955-